[Event "Caorle op"]
[Site "Caorle"]
[Date "1988.??.??"]
[Round "5"]
[White "Haug, Geoffrey"]
[Black "Verrascina, Nicola"]
[Result "1-0"]
[WhiteElo "2200"]
[BlackElo "1970"]
[PlyCount "138"]
[EventDate "1988.??.??"]
[EventType "swiss"]
[EventRounds "8"]
[EventCountry "ITA"]
[SourceTitle "EXT 1999"]
[Source "ChessBase"]
[SourceDate "1998.11.16"]
[SourceVersion "1"]
[SourceVersionDate "1998.11.16"]
[SourceQuality "1"]

1. f4 e5 2. fxe5 d6 3. exd6 Bxd6 4. Nf3 Bg4 5. e4 Qe7 6. d3 Nc6 7. Be2 0-0-0 8. Be3 Nf6 9. Nbd2 h6 10. c3 Rhe8 11. Qc2 Kb8 12. 0-0-0 Qe6 13. Qa4 Qd7 14. h3 Bh5 15. Kb1 Bg6 16. Nd4 Nxd4 17. Qxd7 Nxd7 18. Bxd4 f6 19. g4 c5 20. Bf2 b5 21. Rhe1 a6 22. Bf1 Bf4 23. Nf3 Bh7 24. Nh4 Ne5 25. Ng2 Bh2 26. Be2 Nd7 27. Be3 g5 28. Rh1 Bd6 29. h4 Bg8 30. hxg5 hxg5 31. Bg1 Be6 32. Bh2 Ne5 33. Bxe5 Bxe5 34. Kc2 Re7 35. Rh6 Kc7 36. Rdh1 Rdd7 37. b3 Re8 38. Rh7 Ree7 39. Rxe7 Rxe7 40. Rh6 Kd6 41. Ne3 Kd7 42. Kd2 Rg7 43. Nc2 Bf7 44. d4 cxd4 45. cxd4 Bf4+ 46. Kd3 Ke7 47. Nb4 Rg8 48. Rh7 Bd6 49. Nc6+ Kf8 50. e5 Bg6+ 51. Ke3 Bxh7 52. exd6 Ke8 53. Nb8 Bb1 54. Nxa6 Kd7 55. Bxb5+ Kxd6 56. a4 f5 57. gxf5 Bxf5 58. b4 g4 59. Bf1 g3 60. Bg2 Be6 61. Nc5 Bd5 62. Ne4+ Bxe4 63. Kxe4 Rg4+ 64. Ke3 Rh4 65. a5 Rh2 66. Kf3 Kc7 67. Kxg3 Rh6 68. Kf4 Rh2 69. Kf3 Rh6 1-0

[Event "Caorle op"]
[Site "Caorle"]
[Date "1988.??.??"]
[Round "2"]
[White "Karaklajic, Nikola"]
[Black "Haug, Geoffrey"]
[Result "1-0"]
[WhiteElo "2405"]
[BlackElo "2200"]
[PlyCount "43"]
[EventDate "1988.??.??"]
[EventType "swiss"]
[EventRounds "8"]
[EventCountry "ITA"]
[SourceTitle "EXT 1999"]
[Source "ChessBase"]
[SourceDate "1998.11.16"]
[SourceVersion "1"]
[SourceVersionDate "1998.11.16"]
[SourceQuality "1"]

1. e4 c6 2. c4 e6 3. Nc3 Bb4 4. a3 Bxc3 5. dxc3 d5 6. cxd5 cxd5 7. exd5 Qxd5 8. Qxd5 exd5 9. Be3 Be6 10. Bd4 f6 11. 0-0-0 Nc6 12. Ne2 Nge7 13. Nf4 Bf7 14. g3 0-0 15. Bh3 f5 16. Rhe1 g6 17. Bg2 b6 18. Bf6 Rae8 19. Bxe7 Rxe7 20. Nxd5 Rxe1 21. Rxe1 Be8 22. Rxe8 1-0

[Event "Caorle op"]
[Site "Caorle"]
[Date "1988.??.??"]
[Round "6"]
[White "Lagrotteria, Salvatore"]
[Black "Haug, Geoffrey"]
[Result "1-0"]
[WhiteElo "2045"]
[BlackElo "2200"]
[PlyCount "117"]
[EventDate "1988.??.??"]
[EventType "swiss"]
[EventRounds "8"]
[EventCountry "ITA"]
[SourceTitle "EXT 1999"]
[Source "ChessBase"]
[SourceDate "1998.11.16"]
[SourceVersion "1"]
[SourceVersionDate "1998.11.16"]
[SourceQuality "1"]

1. e4 c6 2. d3 d5 3. Nd2 dxe4 4. dxe4 g6 5. Ngf3 Bg7 6. Be2 Bg4 7. 0-0 e6 8. c3 Ne7 9. Qc2 0-0 10. Rd1 Qc7 11. h3 Bxf3 12. Nxf3 Nd7 13. a4 Rad8 14. a5 Ne5 15. Nd4 Nd7 16. Bg5 Rfe8 17. Bh4 Nf8 18. b4 a6 19. Nb3 h6 20. f3 Be5 21. Bf2 Nc8 22. Bc4 Rxd1+ 23. Rxd1 Rd8 24. Bd4 Bxd4+ 25. cxd4 Nd7 26. d5 cxd5 27. exd5 Ne5 28. Nc5 Ne7 29. dxe6 f5 30. Rxd8+ Qxd8 31. Nd7 Qc7 32. Nxe5 Qxe5 33. Qd2 Kg7 34. f4 Qe4 35. Ba2 g5 36. fxg5 f4 37. gxh6+ Kxh6 38. Qc3 Kg6 39. Bb3 Qe3+ 40. Qxe3 fxe3 41. Kf1 Kf6 42. Ke2 Nc6 43. Bd5 Nxb4 44. Bxb7 Kxe6 45. Kxe3 Ke5 46. Kf3 Kf5 47. h4 Kg6 48. g4 Kf6 49. Ke4 Ke6 50. g5 Kf7 51. h5 Kg7 52. Kf5 Nc2 53. h6+ Kh7 54. Bxa6 Nd4+ 55. Kf6 Nc6 56. Bd3+ Kh8 57. a6 Na7 58. g6 Nc8 59. g7+ 1-0